Bays's opera. As it is acted at the Theatre-Royal, by His Majesty's servants. Written by Mr. Odingsells.

Bibliographic Details
Main Author: Odingsells, Mr. (Gabriel), 1690-1734
Corporate Author: Gale (Firm)
Format: eBook
Language:English
Subjects:
Online Access:Connect to the full text of this electronic book

MARC

Tag First Indicator Second Indicator Subfields
LEADER 00000cam a2200000 4500
001 in00003870813
005 20190415192034.0
006 m o d
007 cr |n||||||||n
008 791208s1730 enk|||| o 00||||eng c
035 |a (CU-RivES)T72414 
035 |a (Uk-ES)006343404 
035 |a (OCoLC)508738066 
040 |a Uk-ES  |c Uk-ES  |d CU-RivES  |d CStRLIN  |d Cengage Gale  |d UtOrBLW 
050 4 |a PR1269  |b .O356 1730 
100 1 |a Odingsells,  |c Mr.  |q (Gabriel),  |d 1690-1734.  |0 http://id.loc.gov/authorities/names/n83015619 
245 1 0 |a Bays's opera. As it is acted at the Theatre-Royal, by His Majesty's servants. Written by Mr. Odingsells. 
264 3 |a London :  |b Printed: and sold by J. Roberts,  |c 1730. 
300 |a 1 online resource (8 unnumbered pages, 70, 2 unnumbered pages)  
336 |a text  |b txt  |2 rdacontent 
337 |a computer  |b c  |2 rdamedia 
338 |a online resource  |b cr  |2 rdacarrier 
500 |a Without the music. 
500 |a Price in square brackets: (Price 3s. 6d) 
510 4 |a English Short Title Catalog,  |c T72414. 
500 |a Reproduction of original from British Library. 
500 |a Electronic resource. 
650 0 |a Opera  |z Great Britain  |v Early works to 1800. 
650 0 |a Verse drama, English  |z Great Britain  |v Early works to 1800. 
655 7 |a Electronic books.  |2 local 
655 7 |a Plays.  |2 rbgenr 
710 2 |a Gale (Firm)  |0 http://id.loc.gov/authorities/names/no2008071348 
752 |a Great Britain  |b England  |d London. 
856 4 0 |u http://proxy.library.tamu.edu/login?url=http://find.galegroup.com/ecco/infomark.do?contentSet=ECCOArticles&docType=ECCOArticles&bookId=1483701700&type=getFullCitation&tabID=T001&prodId=ECCO&docLevel=TEXT_GRAPHICS&version=1.0&source=library&userGroupName=txshracd2898  |z Connect to the full text of this electronic book  |t 0 
999 f f |s d4443021-9690-3d04-a9b5-08c6df16dffb  |i 11310e97-426d-3692-a30d-f665ffe9ac3d  |t 0 
952 f f |a Texas A&M University  |b College Station  |c Electronic Resources  |d Available Online  |t 0  |e PR1269 .O356 1730  |h Library of Congress classification 
998 f f |a PR1269 .O356 1730  |t 0  |l Available Online